000 00307nam a22001337a 4500
008 190227b xxu||||| |||| 00| 0 eng d
020 _a1439036446
041 _aeng
080 _22nd
_a371
100 _a25
101 _aEDU
245 _aInvesting in your College Education
_cHartman, K
942 _2udc
_cBK
999 _c54380
_d54380